Mary Ellen's Best of helpful hints / (Record no. 7249)
[ view plain ]
| 000 -LEADER | |
|---|---|
| fixed length control field | 00694nam a2200229Ia 4500 |
| 001 - CONTROL NUMBER | |
| control field | 16701417 |
| 003 - CONTROL NUMBER IDENTIFIER | |
| control field | OCoLC |
| 005 - DATE AND TIME OF LATEST TRANSACTION | |
| control field | 20190131152416.0 |
| 008 - FIXED-LENGTH DATA ELEMENTS--GENERAL INFORMATION | |
| fixed length control field | 870916s1979 mnua 001 0 eng d |
| 020 ## - INTERNATIONAL STANDARD BOOK NUMBER | |
| International Standard Book Number | 0446970859 (pbk.) |
| 040 ## - CATALOGING SOURCE | |
| Original cataloging agency | SPL |
| Transcribing agency | SPL |
| Modifying agency | TOL |
| -- | UtOrBLW |
| 082 ## - DEWEY DECIMAL CLASSIFICATION NUMBER | |
| Classification number | 640 |
| Item number | P655M |
| 100 1# - MAIN ENTRY--PERSONAL NAME | |
| Personal name | Pinkham, Mary Ellen |
| 245 10 - TITLE STATEMENT | |
| Title | Mary Ellen's Best of helpful hints / |
| Statement of responsibility, etc. | by Mary Ellen Pinkham and Pearl Higginbotham, illustrations by LynnJohnston |
| 250 ## - EDITION STATEMENT | |
| Edition statement | Rev. ed |
| 260 ## - PUBLICATION, DISTRIBUTION, ETC. | |
| Place of publication, distribution, etc. | Minneapolis, MN : |
| Name of publisher, distributor, etc. | Mary Ellen Enterprises, |
| Date of publication, distribution, etc. | c1979 |
| 300 ## - PHYSICAL DESCRIPTION | |
| Extent | 125 p. : |
| Other physical details | ill. ; |
| Dimensions | 22 cm |
| 500 ## - GENERAL NOTE | |
| General note | Includes index |
| 650 #0 - SUBJECT ADDED ENTRY--TOPICAL TERM | |
| Topical term or geographic name entry element | Home economics |
| 740 0# - ADDED ENTRY--UNCONTROLLED RELATED/ANALYTICAL TITLE | |
| Uncontrolled related/analytical title | Best of helpful hints |
| 942 ## - ADDED ENTRY ELEMENTS (KOHA) | |
| Source of classification or shelving scheme | Dewey Decimal Classification |
| Koha item type | Books |
| Withdrawn status | Lost status | Source of classification or shelving scheme | Damaged status | Not for loan | Collection code | Home library | Current library | Shelving location | Date acquired | Cost, normal purchase price | Total Checkouts | Full call number | Barcode | Date last seen | Price effective from | Koha item type |
|---|---|---|---|---|---|---|---|---|---|---|---|---|---|---|---|---|
| Dewey Decimal Classification | Non-fiction | Harvest Mission College | Harvest Mission College | General Stacks | 31.01.2019 | 950.00 | 640 P655M | 008150 | 31.01.2019 | 31.01.2019 | Books |
